[Event "Hessen Cup Goldener Springer"]
[Site "Griesheim"]
[Date "2019.01.18"]
[Round "2"]
[White "Keuth, Gerd Erich"]
[Black "Engel, Jan"]
[Result "0-1"]
[WhiteElo "2016"]
[BlackElo "1860"]
[PlyCount "140"]
[EventDate "2019.01.18"]
[EventType "swiss"]
[EventRounds "6"]
[EventCountry "GER"]
[SourceTitle "EXT 2020"]
[Source "ChessBase"]
[SourceDate "2019.10.17"]
[SourceVersion "1"]
[SourceVersionDate "2019.10.17"]
[SourceQuality "1"]

1. c4 c5 2. Nf3 Nc6 3. d4 cxd4 4. Nxd4 g6 5. Nc3 Bg7 6. e3 Nf6 7. Be2 0-0 8. 0-0 d6 9. b3 Bd7 10. Bb2 Rc8 11. Nd5 Ne8 12. Nxc6 Bxc6 13. Bxg7 Kxg7 14. Qd4+ e5 15. Qxa7 Ra8 16. Qb6 Bxd5 17. Qxd8 Rxd8 18. cxd5 Rc8 19. Bc4 f5 20. a4 Nf6 21. f3 Rc5 22. Rfd1 Re8 23. h3 e4 24. f4 h6 25. g3 h5 26. Ra2 Ra8 27. Rg2 Rh8 28. Ra2 Ra8 29. Kf2 b5 30. Be2 bxa4 31. bxa4 Nxd5 32. Rd4 Nc3 33. Rad2 d5 34. Bd1 Nxd1+ 35. Rxd1 Raa5 36. g4 hxg4 37. hxg4 Kf6 38. g5+ Ke6 39. Rb1 Rc2+ 40. Kf1 Rac5 41. Rb6+ Rc6 42. Rdb4 Rc1+ 43. Kf2 Kd7 44. Rxc6 Rxc6 45. Rb7+ Ke8 46. Rb5 Rd6 47. a5 Ke7 48. Ke2 d4 49. exd4 Rxd4 50. a6 Ra4 51. Rb6 Ra2+ 52. Ke3 Ra3+ 53. Kf2 Ra2+ 54. Kg3 Ra3+ 55. Kh4 Ra4 56. Rb7+ Kd6 57. Rg7 e3 58. Rxg6+ Ke7 59. Kg3 Re4 60. a7 e2 61. Rg7+ Kd6 62. Rg6+ Kc7 63. Rc6+ Kb7 64. Rc1 e1Q+ 65. Rxe1 Rxe1 66. Kh4 Rh1+ 67. Kg3 Kxa7 68. Kg2 Rh4 69. Kf3 Kb6 70. Ke3 Kc5 0-1

[Event "Hessen-chA"]
[Site "Frankfurt"]
[Date "2018.05.12"]
[Round "5"]
[White "Finke, Kai"]
[Black "Keuth, Gerd Erich"]
[Result "1-0"]
[WhiteElo "2054"]
[BlackElo "1999"]
[PlyCount "89"]
[EventDate "2018.05.10"]
[EventType "swiss"]
[EventRounds "7"]
[EventCountry "GER"]
[SourceTitle "EXT 2019"]
[Source "ChessBase"]
[SourceDate "2018.10.10"]
[SourceVersion "1"]
[SourceVersionDate "2018.10.10"]
[SourceQuality "1"]

1. d4 d5 2. c4 e6 3. Nc3 Be7 4. cxd5 exd5 5. Qc2 c6 6. Nf3 Nf6 7. Bg5 0-0 8. e3 Ne4 9. Bxe7 Qxe7 10. Bd3 Re8 11. 0-0 Nd7 12. Rab1 a5 13. a3 h6 14. b4 axb4 15. axb4 Ra3 16. Bxe4 dxe4 17. Nd2 Nf6 18. Nc4 Ra7 19. b5 Be6 20. Ne5 cxb5 21. Rxb5 Rc8 22. Qb2 Qa3 23. Nb1 Qxb2 24. Rxb2 Bd5 25. Nd2 Ra3 26. Rfb1 Rac3 27. h3 Rc1+ 28. Rxc1 Rxc1+ 29. Kh2 Rc3 30. g4 b5 31. Kg3 Bc4 32. Ndxc4 bxc4 33. Rb8+ Kh7 34. Rc8 Nd5 35. Rxc4 Rxc4 36. Nxc4 g6 37. Nd6 Kg7 38. Nxe4 f5 39. Nc5 h5 40. gxf5 gxf5 41. Ne6+ Kh6 42. Nf4 Nf6 43. f3 Kg5 44. h4+ Kh6 45. Kf2 1-0

[Event "Hessen-chA"]
[Site "Frankfurt"]
[Date "2018.05.10"]
[Round "2"]
[White "Leimeister, Erhard"]
[Black "Keuth, Gerd Erich"]
[Result "1/2-1/2"]
[WhiteElo "2214"]
[BlackElo "1999"]
[PlyCount "32"]
[EventDate "2018.05.10"]
[EventType "swiss"]
[EventRounds "7"]
[EventCountry "GER"]
[SourceTitle "EXT 2019"]
[Source "ChessBase"]
[SourceDate "2018.10.10"]
[SourceVersion "1"]
[SourceVersionDate "2018.10.10"]
[SourceQuality "1"]

1. c4 e5 2. g3 Nf6 3. Bg2 Bc5 4. Nc3 a6 5. e3 0-0 6. Nge2 Nc6 7. 0-0 d6 8. h3 Re8 9. d4 Ba7 10. d5 Ne7 11. e4 Nd7 12. Kh2 Rf8 13. f4 f5 14. b3 fxe4 15. Nxe4 Nf5 16. Ng5 Nc5 1/2-1/2

[Event "Hessen-chA"]
[Site "Marburg"]
[Date "2017.??.??"]
[Round "5"]
[White "Keuth, Gerd Erich"]
[Black "Hanig, Gunnar"]
[Result "1/2-1/2"]
[WhiteElo "2028"]
[BlackElo "1972"]
[PlyCount "88"]
[EventDate "2017.05.24"]
[EventType "swiss"]
[EventRounds "7"]
[EventCountry "GER"]
[SourceTitle "EXT 2018"]
[Source "ChessBase"]
[SourceDate "2017.10.13"]
[SourceVersion "1"]
[SourceVersionDate "2017.10.13"]
[SourceQuality "1"]

1. c4 e5 2. Nc3 Nf6 3. Nf3 d6 4. d4 exd4 5. Nxd4 b6 6. Bg5 Be7 7. Qa4+ Qd7 8. Qc2 Nc6 9. Nxc6 Qxc6 10. e4 Bb7 11. Bd3 h6 12. Bd2 0-0 13. Nd5 Nxd5 14. exd5 Qe8 15. 0-0 Bf6 16. Rae1 Qd8 17. Re2 Re8 18. Rfe1 Rxe2 19. Rxe2 Bc8 20. Bf5 Bxf5 21. Qxf5 Qc8 22. Qf3 Be5 23. b3 f5 24. Bf4 Bxf4 25. Qxf4 Qf8 26. h4 Qf7 27. g3 Kf8 28. Re3 Kg8 29. Re6 Kf8 30. Re3 Kg8 31. Kg2 Rd8 32. Rf3 Rf8 33. Qe3 Qd7 34. Qd3 Rf7 35. Qe2 Kf8 36. Re3 Re7 37. Rxe7 Qxe7 38. Qf3 Qf7 39. h5 Ke7 40. Kh3 Qf6 41. Kg2 Qe5 42. Kh3 Kf6 43. Kh4 Qd4+ 44. g4 Qe5 1/2-1/2

[Event "Hessen-chA"]
[Site "Marburg"]
[Date "2017.??.??"]
[Round "4"]
[White "Montermann, Klaus"]
[Black "Keuth, Gerd Erich"]
[Result "1-0"]
[WhiteElo "2068"]
[BlackElo "2028"]
[PlyCount "127"]
[EventDate "2017.05.24"]
[EventType "swiss"]
[EventRounds "7"]
[EventCountry "GER"]
[SourceTitle "EXT 2018"]
[Source "ChessBase"]
[SourceDate "2017.10.13"]
[SourceVersion "1"]
[SourceVersionDate "2017.10.13"]
[SourceQuality "1"]

1. d4 d5 2. e4 c6 3. Nc3 dxe4 4. Nxe4 Nf6 5. Nxf6+ gxf6 6. Nf3 Bf5 7. Bd3 e6 8. c3 Bg6 9. h4 Qd5 10. Qe2 Nd7 11. Bc4 Qe4 12. h5 Qxe2+ 13. Kxe2 Be4 14. Ne1 Nb6 15. Bb3 0-0-0 16. Be3 Bd5 17. Bc2 Nc4 18. Bc1 c5 19. b3 Nb6 20. Be3 c4 21. f3 Bc6 22. Be4 Bd5 23. Bxd5 Rxd5 24. g4 Be7 25. Nc2 Rhd8 26. Bf2 Rb5 27. Rab1 Nd5 28. Kd2 Nb6 29. Ne3 Ra5 30. Rb2 Rc5 31. Rhb1 Rc7 32. bxc4 e5 33. Kd3 Na4 34. Rb5 Nc5+ 35. Ke2 Na4 36. R1b3 Nxc3+ 37. Rxc3 exd4 38. Rc1 dxe3 39. Bxe3 b6 40. a4 Bc5 41. Bxc5 bxc5 42. Rb3 Rcd7 43. Rb5 Rc7 44. Rc3 Rd6 45. Rd3 Re6+ 46. Kd2 a6 47. Rb1 Rce7 48. Kc3 Kc7 49. Rbd1 Kb6 50. Rd6+ Kc7 51. R6d5 Kc6 52. R1d3 Rb7 53. f4 Rb4 54. Rxc5+ Kxc5 55. Rd5+ Kb6 56. Kxb4 Rc6 57. Rd7 a5+ 58. Kc3 f5 59. g5 f6 60. g6 hxg6 61. hxg6 Rc8 62. Rd6+ Kb7 63. Rxf6 Rg8 64. Kd4 1-0

[Event "Hessen-chA"]
[Site "Offenbach"]
[Date "2012.04.06"]
[Round "6"]
[White "Keuth, Gerd Erich"]
[Black "Faqiry, Ramat"]
[Result "0-1"]
[WhiteElo "2069"]
[BlackElo "1973"]
[PlyCount "98"]
[EventDate "2012.04.05"]
[EventType "swiss"]
[EventRounds "7"]
[EventCountry "GER"]
[SourceTitle "EXT 2013"]
[Source "ChessBase"]
[SourceDate "2012.11.22"]
[SourceVersion "1"]
[SourceVersionDate "2012.11.22"]
[SourceQuality "1"]

1. c4 c5 2. Nf3 Nc6 3. g3 e5 4. Nc3 g6 5. Bg2 Bg7 6. d3 Nge7 7. 0-0 0-0 8. a3 d6 9. Rb1 f5 10. Bd2 h6 11. b4 cxb4 12. axb4 Be6 13. b5 Nd4 14. e3 Nxf3+ 15. Bxf3 e4 16. dxe4 Bxc4 17. Re1 fxe4 18. Bxe4 d5 19. Bg2 Qd7 20. Bf1 Qf5 21. f4 Bxf1 22. Rxf1 d4 23. Qb3+ Kh8 24. e4 Qg4 25. Nd1 Qe2 26. Bb4 Rfe8 27. Rb2 Qxb5 28. Qf7 Qd7 29. e5 Qf5 30. Qc4 Rac8 31. Qxd4 Nc6 32. Qd2 Nxb4 33. Qxb4 Bf8 34. Qxb7 Bc5+ 35. Kg2 Rb8 36. Qxb8 Rxb8 37. Rxb8+ Kg7 38. Rb7+ Kf8 39. Rb2 Qe4+ 40. Rf3 Bd4 41. Rd2 Bb6 42. Nf2 Qb7 43. Ng4 h5 44. Nf6 Ba5 45. Rd7 Qc6 46. Rxa7 Qc2+ 47. Kh3 Qf5+ 48. Kh4 Bd8 49. Ra8 Qg4# 0-1

[Event "Hessen-chA"]
[Site "Offenbach"]
[Date "2012.04.05"]
[Round "1"]
[White "Keuth, Gerd Erich"]
[Black "Will, Dominik"]
[Result "1/2-1/2"]
[WhiteElo "2069"]
[BlackElo "2085"]
[PlyCount "55"]
[EventDate "2012.04.05"]
[EventType "swiss"]
[EventRounds "7"]
[EventCountry "GER"]
[SourceTitle "EXT 2013"]
[Source "ChessBase"]
[SourceDate "2012.11.22"]
[SourceVersion "1"]
[SourceVersionDate "2012.11.22"]
[SourceQuality "1"]

1. c4 Nf6 2. Nc3 g6 3. g3 Bg7 4. Bg2 0-0 5. Nf3 d6 6. d4 a6 7. 0-0 Nc6 8. e4 Bg4 9. h3 Bxf3 10. Bxf3 e5 11. d5 Nd4 12. Be3 Nd7 13. Bg2 c5 14. dxc6 bxc6 15. f4 Rb8 16. Na4 Nb6 17. Nxb6 Qxb6 18. Rb1 exf4 19. gxf4 c5 20. f5 Be5 21. Bh6 Rfe8 22. Qg4 Qb4 23. fxg6 hxg6 24. Rxf7 Kxf7 25. Rf1+ Kg8 26. Qxg6+ Kh8 27. Bg7+ Bxg7 28. Qh5+ 1/2-1/2

[Event "Hessen-ch Gr-A+B 65th"]
[Site "Gladenbach"]
[Date "2011.04.22"]
[Round "5"]
[White "Huettemann, Ralf"]
[Black "Keuth, Gerd Erich"]
[Result "1/2-1/2"]
[WhiteElo "2092"]
[BlackElo "2098"]
[PlyCount "121"]
[EventDate "2011.04.20"]
[EventType "swiss"]
[EventRounds "7"]
[EventCountry "GER"]
[SourceTitle "CBM 142 Extra"]
[Source "ChessBase"]
[SourceDate "2011.06.27"]
[SourceVersion "1"]
[SourceVersionDate "2011.06.27"]
[SourceQuality "1"]

1. d4 d5 2. Nf3 Nf6 3. Bf4 c6 4. c3 Bf5 5. e3 e6 6. Bd3 Bxd3 7. Qxd3 Be7 8. Nbd2 Nbd7 9. h3 0-0 10. g4 c5 11. 0-0 Qb6 12. b3 Rac8 13. Rfc1 Rc6 14. Rc2 Qa6 15. Qxa6 Rxa6 16. a4 Rc6 17. Ne1 cxd4 18. cxd4 Rxc2 19. Nxc2 Rc8 20. Ra2 h6 21. f3 g5 22. Bg3 h5 23. Kf1 hxg4 24. hxg4 Kg7 25. Ke2 Nb8 26. Ne1 Na6 27. Rc2 Rxc2 28. Nxc2 Nb4 29. Ne1 Kf8 30. Nd3 Nxd3 31. Kxd3 Bb4 32. Nb1 Ke7 33. Nc3 a6 34. Na2 Bd6 35. Be1 Nd7 36. Nc1 f5 37. gxf5 exf5 38. Ne2 Ke6 39. Bf2 Nf6 40. Be1 g4 41. fxg4 fxg4 42. Bg3 Ne4 43. Bxd6 Kxd6 44. Nf4 a5 45. Ke2 Kc6 46. Kd3 Nf6 47. Ke2 b5 48. Nd3 Ne4 49. Ne5+ Kb6 50. Nxg4 bxa4 51. bxa4 Nc3+ 52. Kd2 Nxa4 53. Kc2 Kb5 54. Ne5 Nb6 55. Kd3 a4 56. Kc3 Nc4 57. Nxc4 dxc4 58. e4 a3 59. e5 Kc6 60. Kc2 Kd5 61. Kc3 1/2-1/2

[Event "Hessen-ch Gr-A+B 65th"]
[Site "Gladenbach"]
[Date "2011.04.20"]
[Round "1"]
[White "Keuth, Gerd Erich"]
[Black "Werner, Bernd Michael"]
[Result "1/2-1/2"]
[WhiteElo "2098"]
[BlackElo "2162"]
[PlyCount "115"]
[EventDate "2011.04.20"]
[EventType "swiss"]
[EventRounds "7"]
[EventCountry "GER"]
[SourceTitle "CBM 142 Extra"]
[Source "ChessBase"]
[SourceDate "2011.06.27"]
[SourceVersion "1"]
[SourceVersionDate "2011.06.27"]
[SourceQuality "1"]

1. c4 g6 2. Nc3 Bg7 3. Nf3 c5 4. d4 cxd4 5. Nxd4 Nc6 6. Nf3 Nf6 7. e4 d6 8. Be2 0-0 9. 0-0 h6 10. Bf4 Be6 11. Rc1 Rc8 12. Qd2 Kh7 13. b3 Nd7 14. Be3 Nf6 15. Nd4 Ne5 16. f3 b6 17. Nd5 Ng8 18. f4 Nc6 19. Nxc6 Rxc6 20. f5 Bd7 21. Bd4 Rc8 22. Bxg7 Kxg7 23. fxg6 fxg6 24. Rxf8 Qxf8 25. Rf1 Qe8 26. Qd4+ e5 27. Qf2 Be6 28. Ne3 Qe7 29. Bg4 Bxg4 30. Nxg4 Rf8 31. Qxf8+ Qxf8 32. Rxf8 Kxf8 33. Kf2 h5 34. Ne3 Nf6 35. Kf3 Ke7 36. h3 Ke6 37. g4 Nh7 38. gxh5 gxh5 39. h4 Nf6 40. Nf5 Kd7 41. Ke3 Kc6 42. Kd3 a6 43. a3 Kd7 44. Ng3 Ke6 45. Nf5 Ne8 46. Ne3 Nf6 47. Nf5 b5 48. Ng3 Kd7 49. cxb5 axb5 50. a4 bxa4 51. bxa4 Kc6 52. Kc4 Kb6 53. Kb4 Ka6 54. a5 d5 55. exd5 Nxd5+ 56. Kc5 Nf4 57. Nxh5 Nxh5 58. Kd5 1/2-1/2

[Event "Hessen-ch Gr-B 62nd"]
[Site "Hanau"]
[Date "2008.03.22"]
[Round "6"]
[White "Keuth, Gerd Erich"]
[Black "Feicht, Arno"]
[Result "1/2-1/2"]
[WhiteElo "2090"]
[BlackElo "2107"]
[PlyCount "72"]
[EventDate "2008.03.19"]
[EventType "swiss"]
[EventRounds "7"]
[EventCountry "GER"]
[SourceTitle "CBM 123 Extra"]
[Source "ChessBase"]
[SourceDate "2008.05.06"]
[SourceVersion "1"]
[SourceVersionDate "2008.05.06"]
[SourceQuality "1"]

1. c4 f5 2. Nc3 Nf6 3. g3 e6 4. Bg2 Be7 5. d4 d6 6. e3 0-0 7. Nge2 c6 8. b3 Qe8 9. Ba3 Na6 10. Nf4 Nc7 11. 0-0 Rb8 12. Qc2 Bd7 13. Rad1 g5 14. Nd3 e5 15. c5 dxc5 16. dxe5 Ng4 17. Bxc5 b6 18. Bxe7 Qxe7 19. h3 Nh6 20. f4 Be8 21. Ne2 c5 22. Nb2 Bh5 23. Rd2 Rbd8 24. Rfd1 Rxd2 25. Qxd2 Bxe2 26. Qxe2 Nf7 27. Nc4 Nb5 28. Qc2 Rd8 29. Bd5 Kg7 30. Qxf5 Nc3 31. Nd6 Nxd6 32. exd6 Rxd6 33. Rd3 Nxd5 34. Rxd5 Qxe3+ 35. Kg2 Qe2+ 36. Kg1 Qe1+ 1/2-1/2

[Event "Hessen-ch qual-A+B"]
[Site "Erlensee"]
[Date "2007.04.07"]
[Round "7"]
[White "Keuth, Gerd Erich"]
[Black "Keller, Christoph"]
[Result "1/2-1/2"]
[WhiteElo "2095"]
[BlackElo "1965"]
[PlyCount "162"]
[EventDate "2007.04.04"]
[EventType "swiss"]
[EventRounds "7"]
[EventCountry "GER"]
[SourceTitle "CBM 117 Extra"]
[Source "ChessBase"]
[SourceDate "2007.05.09"]
[SourceVersion "1"]
[SourceVersionDate "2007.05.09"]
[SourceQuality "1"]

1. c4 Nf6 2. Nc3 g6 3. g3 Bg7 4. Bg2 0-0 5. d4 d6 6. Nf3 Nbd7 7. 0-0 e5 8. b3 Re8 9. e4 exd4 10. Nxd4 Nc5 11. Re1 a5 12. Bb2 c6 13. Qd2 Qb6 14. Rab1 Ng4 15. Nf3 Bh6 16. Qc2 Ne5 17. Nxe5 dxe5 18. Ba3 Bg4 19. h3 Rad8 20. Nd5 cxd5 21. cxd5 Nxe4 22. hxg4 Nd6 23. Qc5 Qa6 24. Bf1 b5 25. Qc6 Qxc6 26. dxc6 b4 27. Bc1 Bf8 28. Bg5 Be7 29. Bxe7 Rxe7 30. Red1 Rc7 31. Rbc1 f6 32. Rd5 Kf8 33. Rxa5 Rdc8 34. Ra6 Rb8 35. Ra5 Rb6 36. Rac5 Ne4 37. R5c2 Ke7 38. Bg2 Nd6 39. Rc5 Nb5 40. g5 Nd4 41. gxf6+ Kxf6 42. Re1 Ra6 43. Rcxe5 Rxa2 44. R5e4 Rd2 45. Rf4+ Kg7 46. Kh2 g5 47. Rfe4 Kf6 48. Kg1 h6 49. Kf1 Ra7 50. Re8 Nxb3 51. R1e6+ Kf7 52. Bf3 Nd4 53. Bh5+ Kg7 54. R6e7+ Rxe7 55. Rxe7+ Kf6 56. Rd7 b3 57. c7 b2 58. Rd6+ Ke5 59. Rb6 Rc2 60. Rxb2 Rxc7 61. Rb6 Rc6 62. Rb8 Kf6 63. Rg8 Ke5 64. Rg6 Rxg6 65. Bxg6 Kf6 66. Bh5 Nf5 67. Kg2 Ng7 68. Be2 Ke5 69. Kf3 h5 70. Bd3 Nf5 71. Bb1 Nd4+ 72. Kg2 Nf5 73. Bc2 h4 74. gxh4 Nxh4+ 75. Kh3 Kf4 76. Bd1 Nf3 77. Kg2 Nh4+ 78. Kf1 Nf3 79. Kg2 Nh4+ 80. Kf1 Nf3 81. Kg2 Nh4+ 1/2-1/2

[Event "Hessen-ch qual-A+B"]
[Site "Erlensee"]
[Date "2007.04.06"]
[Round "6"]
[White "Rahimi, Safihalla"]
[Black "Keuth, Gerd Erich"]
[Result "1/2-1/2"]
[WhiteElo "2097"]
[BlackElo "2095"]
[PlyCount "73"]
[EventDate "2007.04.04"]
[EventType "swiss"]
[EventRounds "7"]
[EventCountry "GER"]
[SourceTitle "CBM 117 Extra"]
[Source "ChessBase"]
[SourceDate "2007.05.09"]
[SourceVersion "1"]
[SourceVersionDate "2007.05.09"]
[SourceQuality "1"]

1. Nf3 Nf6 2. g3 g6 3. d4 d5 4. c4 c6 5. cxd5 cxd5 6. Nc3 Bg7 7. Bg2 0-0 8. 0-0 Nc6 9. Ne5 e6 10. f4 Qb6 11. e3 Nd7 12. b3 f6 13. Nf3 Qb4 14. Bd2 Qe7 15. a3 b6 16. b4 Bb7 17. Qe2 Rfc8 18. Rfc1 Nd8 19. Ne1 f5 20. Bf1 Nf7 21. Nf3 Nd6 22. Ne5 Nf6 23. b5 a5 24. Ra2 Nc4 25. Na4 Qd6 26. Bg2 Ne4 27. Bxe4 fxe4 28. Nxc4 Rxc4 29. Rxc4 dxc4 30. Nc3 Rc8 31. Bc1 Qd7 32. Qg4 Bxd4 33. exd4 Qxd4+ 34. Rf2 Qxc3 35. Qxe6+ Kf8 36. Qd6+ Ke8 37. Qe6+ 1/2-1/2

[Event "Hessen-ch qual-A+B"]
[Site "Erlensee"]
[Date "2007.04.05"]
[Round "3"]
[White "Czech, Ludwig"]
[Black "Keuth, Gerd Erich"]
[Result "0-1"]
[WhiteElo "2112"]
[BlackElo "2095"]
[PlyCount "96"]
[EventDate "2007.04.04"]
[EventType "swiss"]
[EventRounds "7"]
[EventCountry "GER"]
[SourceTitle "CBM 117 Extra"]
[Source "ChessBase"]
[SourceDate "2007.05.09"]
[SourceVersion "1"]
[SourceVersionDate "2007.05.09"]
[SourceQuality "1"]

1. c4 Nf6 2. g3 g6 3. Bg2 Bg7 4. Nc3 e5 5. d3 0-0 6. e4 d6 7. Nge2 Nc6 8. 0-0 Nh5 9. Nd5 Ne7 10. Bg5 f6 11. Nxe7+ Qxe7 12. Be3 c6 13. Qd2 f5 14. Rad1 Nf6 15. h3 Be6 16. exf5 gxf5 17. b4 a6 18. f4 Rfd8 19. Rfe1 Qf7 20. Qc2 Rd7 21. Kf2 Re8 22. Rc1 Qg6 23. Bf3 Kh8 24. a4 Bg8 25. Rb1 e4 26. Bg2 exd3 27. Qxd3 Ne4+ 28. Bxe4 Rxe4 29. Bd4 Rde7 30. Bxg7+ Qxg7 31. Qxd6 Bxc4 32. Nd4 Rxe1 33. Rxe1 Rxe1 34. Kxe1 Qxg3+ 35. Kd2 Qd3+ 36. Kc1 Qc3+ 37. Nc2 Kg7 38. Qc7+ Kg6 39. Qd6+ Qf6 40. Qd1 Bb3 41. Qg1+ Kf7 42. Qb6 Qc3 43. Qc7+ Kg6 44. Qd6+ Kh5 45. Qd1+ Kh4 46. Qe2 Qxc2+ 47. Qxc2 Bxc2 48. Kxc2 Kg3 0-1

[Event "Hessen-ch MVT"]
[Site "Offenbach"]
[Date "2005.04.01"]
[Round "6"]
[White "Keuth, Gerd Erich"]
[Black "Biegel, Thomas"]
[Result "1-0"]
[WhiteElo "2107"]
[BlackElo "1999"]
[PlyCount "111"]
[EventDate "2005.03.28"]
[EventType "swiss"]
[EventRounds "9"]
[EventCountry "GER"]
[SourceTitle "EXT 2006"]
[Source "ChessBase"]
[SourceDate "2005.11.24"]
[SourceVersion "1"]
[SourceVersionDate "2005.11.24"]
[SourceQuality "1"]

1. c4 c6 2. d4 d5 3. e3 Bf5 4. Nc3 e6 5. Qb3 Qc7 6. Nf3 Nf6 7. Bd2 Nbd7 8. Rc1 Rc8 9. Be2 Be7 10. Ne5 Nxe5 11. dxe5 Qxe5 12. Qxb7 Qb8 13. Qxb8 Rxb8 14. cxd5 exd5 15. Na4 Bd7 16. b3 Ba3 17. Rc2 Ne4 18. Ba5 0-0 19. f3 Ng5 20. 0-0 Rfe8 21. Bd2 Ne6 22. Bc1 Bd6 23. Rd1 Be5 24. g3 f5 25. Bb2 Bxb2 26. Nxb2 Re7 27. Nd3 Rbe8 28. Kf2 Nf8 29. Nc5 Rxe3 30. Nxd7 Nxd7 31. Bd3 Nb8 32. Be4 R3xe4 33. fxe4 fxe4 34. Ke3 Re6 35. Rdc1 Kf7 36. b4 Ke7 37. Kd4 a6 38. a4 Rd6 39. Rc5 Rf6 40. b5 axb5 41. axb5 cxb5 42. Rxd5 Nc6+ 43. Kxe4 Kf7 44. Rf5 Rxf5 45. Kxf5 Ne7+ 46. Ke4 Kf6 47. Rc5 b4 48. Rb5 Kg6 49. Rxb4 Ng8 50. Kf4 h5 51. Rb6+ Nf6 52. Ra6 Kh6 53. Kf5 Kh7 54. Rxf6 gxf6 55. Kxf6 h4 56. g4 1-0

[Event "GER District 3-ch"]
[Site "Germany"]
[Date "2003.??.??"]
[Round "4"]
[White "Keuth, Gerd Erich"]
[Black "Henzelmann, Klaus"]
[Result "1-0"]
[WhiteElo "1975"]
[BlackElo "1855"]
[PlyCount "33"]
[EventDate "2003.??.??"]
[EventType "swiss"]
[EventRounds "7"]
[EventCountry "GER"]
[SourceTitle "EXT 2007"]
[Source "ChessBase"]
[SourceDate "2006.11.23"]
[SourceVersion "1"]
[SourceVersionDate "2006.11.23"]
[SourceQuality "1"]

1. c4 f5 2. Nc3 Nf6 3. g3 e6 4. Bg2 Be7 5. d4 0-0 6. Nf3 d6 7. 0-0 Nc6 8. d5 Ne5 9. Nd4 Nxc4 10. Nxe6 Bxe6 11. dxe6 Qc8 12. Qd3 Qxe6 13. Nd5 Ne5 14. Qxf5 Qf7 15. Nxc7 g6 16. Qh3 Nfg4 17. Bd5 1-0

[Event "Hessen-chB "]
[Site "Frankfurt"]
[Date "2000.04.20"]
[Round "9"]
[White "Karsten, Heinrich"]
[Black "Keuth, Gerd Erich"]
[Result "1-0"]
[WhiteElo "2025"]
[BlackElo "2120"]
[PlyCount "59"]
[EventDate "2000.04.13"]
[EventType "swiss"]
[EventRounds "11"]
[EventCountry "GER"]
[SourceTitle "EXT 2001"]
[Source "ChessBase"]
[SourceDate "2000.11.22"]
[SourceVersion "1"]
[SourceVersionDate "2000.11.22"]
[SourceQuality "1"]

1. d4 d5 2. c4 e6 3. Nc3 Nf6 4. Bg5 Nbd7 5. Nf3 c6 6. e3 Qa5 7. Nd2 Bb4 8. Qc2 0-0 9. Be2 e5 10. 0-0 Bxc3 11. bxc3 Ne4 12. Nxe4 dxe4 13. Be7 Re8 14. Bb4 Qd8 15. Qxe4 exd4 16. Qxd4 Qg5 17. Bd6 Nf6 18. Bf3 Bf5 19. Rfd1 Ne4 20. c5 Rad8 21. Qb4 Nxf2 22. Kxf2 Qxe3+ 23. Kf1 Rxd6 24. cxd6 Bh3 25. Bg4 c5 26. Re1 Bxg2+ 27. Kxg2 Qd2+ 28. Kf1 Qd3+ 29. Kg1 Re3 30. Qf4 1-0

[Event "Hessen-chB "]
[Site "Frankfurt"]
[Date "2000.04.16"]
[Round "5"]
[White "Schlesinger, Omri"]
[Black "Keuth, Gerd Erich"]
[Result "1/2-1/2"]
[WhiteElo "2250"]
[BlackElo "2120"]
[PlyCount "65"]
[EventDate "2000.04.13"]
[EventType "swiss"]
[EventRounds "11"]
[EventCountry "GER"]
[SourceTitle "EXT 2001"]
[Source "ChessBase"]
[SourceDate "2000.11.22"]
[SourceVersion "1"]
[SourceVersionDate "2000.11.22"]
[SourceQuality "1"]

1. e4 c5 2. Nc3 Nc6 3. g3 g6 4. Bg2 Bg7 5. d3 e6 6. f4 d6 7. Nf3 Nge7 8. 0-0 0-0 9. Be3 Rb8 10. Rb1 b5 11. d4 cxd4 12. Nxd4 Nxd4 13. Bxd4 Bxd4+ 14. Qxd4 Qb6 15. Qxb6 Rxb6 16. Nd1 d5 17. exd5 Nxd5 18. c3 Rd8 19. Bxd5 Rxd5 20. Nf2 Bb7 21. Rfd1 Kg7 22. Kf1 Rbd6 23. Rxd5 Bxd5 24. b3 Rc6 25. Rc1 a5 26. Nd3 Rc7 27. Ke2 h5 28. Ke3 Kf6 29. Kd4 Kf5 30. c4 Be4 31. Nf2 Bb7 32. Re1 f6 33. Re3 1/2-1/2

[Event "Braunfels op"]
[Site "Braunfels"]
[Date "1998.??.??"]
[Round "?"]
[White "Deuster, Heinz Juergen"]
[Black "Keuth, Gerd Erich"]
[Result "0-1"]
[WhiteElo "2195"]
[BlackElo "2155"]
[PlyCount "54"]
[EventDate "1998.??.??"]
[EventType "swiss"]
[EventRounds "7"]
[EventCountry "GER"]
[SourceTitle "EXT 2002"]
[Source "ChessBase"]
[SourceDate "2001.11.25"]
[SourceVersion "1"]
[SourceVersionDate "2001.11.25"]
[SourceQuality "1"]

1. d4 d5 2. Nf3 Nf6 3. Bg5 Nbd7 4. Nbd2 e6 5. e3 Be7 6. Bd3 c5 7. c3 b6 8. Bxf6 Bxf6 9. 0-0 Bb7 10. Qe2 0-0 11. e4 e5 12. dxe5 Nxe5 13. Nxe5 Bxe5 14. Rad1 Qc7 15. exd5 Bxd5 16. Rfe1 Rae8 17. Bxh7+ Kxh7 18. Qd3+ g6 19. Qxd5 Bxh2+ 20. Kh1 Rxe1+ 21. Rxe1 Rd8 22. Qg5 Bf4 23. Qf6 Rxd2 24. Qh4+ Kg7 25. g3 Rxf2 26. Kg1 Bxg3 27. Qg4 Rf4 0-1